| 000 | 00347nam a2200133Ia 4500 | ||
|---|---|---|---|
| 008 | 211109s9999||||xx |||||||||||||| ||und|| | ||
| 082 |
_a894.8128 _bKUM-G |
||
| 100 | _aKumaran, Mookoth, | ||
| 245 | 0 | _aGadhyanjari | |
| 260 |
_bV V P _aQuilon _c1995 |
||
| 630 | _xGeneral Stack | ||
| 650 |
_aMalayalam EssaysMalayalam Prose _xMalayalam |
||
| 942 | _cBOOK | ||
| 999 |
_c1326 _d1326 |
||